Sports Quiz

Random Sports or MLB Quiz

MLB Most HRs Against Each Franchise Quiz Stats

 Plays Quiz Updated Oct 10, 2016

Challenge
Share
Tweet
Embed
Score 0/150 Timer 08:00
5 Plays Today
% Correct
Barry Bonds
95.5%
Barry Bonds
95.5%
Barry Bonds
95.5%
Barry Bonds
95.5%
Barry Bonds
95.5%
Babe Ruth
94.5%
Babe Ruth
94.5%
Babe Ruth
94.5%
Babe Ruth
94.5%
Babe Ruth
94.5%
Babe Ruth
94.5%
Babe Ruth
94.5%
Alex Rodriguez
93.9%
Alex Rodriguez
93.8%
Alex Rodriguez
93.8%
Alex Rodriguez
93.8%
Alex Rodriguez
90.6%
Sammy Sosa
88.4%
Sammy Sosa
88.3%
Albert Pujols
87.8%
Willie Mays
86.9%
Willie Mays
86.9%
Willie Mays
86.9%
Willie Mays
86.9%
Willie Mays
86.9%
Willie Mays
86.9%
Hank Aaron
86.8%
Hank Aaron
86.8%
Hank Aaron
86.8%
Hank Aaron
86.8%
Hank Aaron
86.8%
Hank Aaron
86.8%
Hank Aaron
86.8%
Hank Aaron
86.8%
Ryan Zimmerman
86.2%
Ryan Howard
85.9%
Cal Ripken/Manny Ramirez/Frank Thomas/Reggie Jackson
85.8%
Chipper Jones
84.7%
Chipper Jones
84.7%
Chipper Jones
84.7%
David Ortiz
84.4%
Andruw Jones
84.3%
Andruw Jones
84.3%
Mickey Mantle
84.1%
Mickey Mantle
84.1%
Mickey Mantle
84.1%
Mickey Mantle
84.1%
Mickey Mantle
84.1%
Mickey Mantle
84.1%
Mark McGwire
84%
% Correct
Chase Utley
83.1%
Manny Ramirez
83%
Manny Ramirez
83%
Manny Ramirez
83%
Manny Ramirez
83%
Ted Williams
82.9%
Ted Williams
82.9%
Ted Williams
82.9%
Ted Williams
82.9%
Ted Williams
82.9%
Albert Pujols
78.3%
Reggie Jackson
76.4%
Reggie Jackson
76.4%
Lou Gehrig
76.3%
Lou Gehrig
76.3%
Lou Gehrig
76.3%
Lou Gehrig
76.3%
Lou Gehrig
76.3%
Mike Schmidt
74.5%
Mike Schmidt
74.5%
Mike Schmidt
74.5%
Mike Schmidt
74.5%
Mike Schmidt
74.5%
Frank Thomas
74.4%
Nelson Cruz
73.9%
Juan Gonzalez/Alex Rodriguez
73.1%
Ernie Banks/Barry Bonds
71.9%
Jim Thome
71.8%
Jim Thome
71.8%
Rafael Palmeiro
71.1%
Ryan Howard
70.8%
Harmon Killebrew
69.8%
Harmon Killebrew
69.8%
Harmon Killebrew
69.8%
Harmon Killebrew
69.8%
Harmon Killebrew
69.8%
Ernie Banks
69.5%
Ernie Banks
69.5%
Ernie Banks
69.5%
Ernie Banks
69.5%
Todd Helton
69.4%
Stan Musial
67.8%
Stan Musial
67.8%
Stan Musial
67.8%
Stan Musial
67.8%
David Ortiz
66.7%
Willie McCovey
66.2%
Willie McCovey
66.2%
Willie McCovey
66.2%
Willie McCovey
66.2%
% Correct
Jose Canseco
65.9%
Jose Canseco
65.9%
Ryan Howard
65%
Adrian Beltre
64.5%
Jimmie Foxx
62.5%
Jimmie Foxx
62.5%
Jimmie Foxx
62.5%
Jimmie Foxx
62.5%
Jimmie Foxx
62.5%
Jimmie Foxx
62.5%
Willie Stargell
61.7%
Willie Stargell
61.7%
Larry Walker
61.6%
Rafael Palmeiro
59.9%
Rafael Palmeiro
59.9%
Joe DiMaggio
58.6%
David Ortiz
56.8%
Paul Konerko
56.2%
Mel Ott
55.8%
Mel Ott
55.8%
Mel Ott
55.8%
Mel Ott
55.8%
Mel Ott
55.8%
Mel Ott
55.8%
Jason Giambi
55.6%
Johnny Bench
50.8%
Aramis Ramirez
47.9%
Joe Carter
47.7%
Carlos Delgado
47.3%
Al Kaline
46.8%
Eddie Mathews
44.3%
Eddie Mathews
44.3%
Eddie Mathews
44.3%
Eddie Mathews
44.3%
Eddie Mathews
44.3%
Dale Murphy
43.9%
Dale Murphy
43.9%
Yogi Berra
43.5%
Matt Kemp
40%
Hank Greenberg
38.9%
Duke Snider
36.6%
Adrian Gonzalez
35.4%
Mark Teixeira
35.1%
Matt Kemp
29.5%
Harold Baines/Rafael Palmeiro/Chris Davis
23.3%
Boog Powell
20.5%
Brian Giles/Troy Tulowitzki/Carlos Gonzalez
19.5%
Norm Cash
14.9%
Eric Karros
13.5%
Reggie Sanders
7.3%

You're not logged in!

Compare scores with friends on all Sporcle quizzes.
Join for Free
OR
Log In

You Might Also Like...

Show Comments

Extras

Top Quizzes Today


Score Distribution

Your Account Isn't Verified!

In order to create a playlist on Sporcle, you need to verify the email address you used during registration. Go to your Sporcle Settings to finish the process.

Report this User

Report this user for behavior that violates our Community Guidelines.

Details: